00329nam a2200109Ia 4500008004000000082002000040100002500060245007000085260003000155300000800185650002600193210210b1994 xxu||||| |||| 00| 0 eng d a823.009896 REDN aREDDY (K Indrasena). aNovels of Acebe & Ngugi: a study in the dialectics of commitment. aN DbPrestige Booksc1994 a144 aAfrican Novelists